Evaluation of the Morphological Structure of Polymers

Bibliographic Details
Main Authors: Marcinčin, Anton, 1940- (Author), Murárová, A. (Author), Jambrich, Martin, 1927-2017 (Author)
Format: Article
Language:English

MARC

LEADER 00000nab a2200000uu 4500
001 vtls010878896
003 SK-MaSNL
005 20260303163616.0
008 230303|1998 xo |||||||||||||||||eng|
015 |a SNBRB 
035 |a (urnnbn)urn:nbn:sk:snk:ar-005vkt 
035 |a (uuid)78f20900-d19a-48e7-bfb2-b705bc99bcb2 
035 |a urn:nbn:sk:snk-ab7mza 
040 |a SNKBUCL  |b slo  |c SNKBUCL  |e AACR2 
041 0 |a eng 
044 |a xo  |c SK 
100 1 |a Marcinčin, Anton,  |d 1940-  |4 aut  |9 212293 
245 1 0 |a Evaluation of the Morphological Structure of Polymers  |c A. Marcinčin, A. Murárová, M. Jambrich 
700 1 |a Murárová, A.  |4 aut  |9 833162 
700 1 |a Jambrich, Martin,  |d 1927-2017  |4 aut  |9 206036 
773 0 |t Chemical papers  |g Roč. 52, č. 6 (1998), s. 771-775 
958 |a OND 
958 |a EUIPO 
958 |a article8 
999 |c 2060331  |d 2062261